00547nam a2200133 a 4500008004100000050001500041110005900056245009100115250001200206260007400218300000900292650005000301650006200351130730s2010 ||||||||||||||||| || u aCOMESA(02) aCommon Market for Eastern and Southern Africa (COMESA)10aCOMESA in brief. -- 5th ed.cby Common Market for Eastern and Southern Africa [COMESA] a5th ed. aLusaka:bCommon Market for Eastern and Southern Africa (COMESA)c2010 a35p. aCOMMON MARKET FOR EASTERN AND SOUTHERN AFRICA aCOMMON MARKET FOR EASTERN AND SOUTHERN AFRICA--OPERATIONS